|
|
|
|
| LEADER |
01197nam a2200265 a 4500 |
| 001 |
30946 |
| 003 |
BD-DhAAL |
| 005 |
20160217124302.0 |
| 008 |
160216s2008 ii 000 0 eng d |
| 040 |
|
|
|a BD-DhAAL
|c BD-DhAAL
|
| 082 |
0 |
0 |
|a 378.54
|2 22
|
| 999 |
|
|
|c 36874
|d 36874
|
| 999 |
|
|
|c 0
|
| 999 |
|
|
|c 11598
|
| 245 |
0 |
0 |
|a BRAC University prospectus 2010 :
|b undergraduate programme
|
| 264 |
|
|
|a Dhaka :
|b BRAC University,
|c 2010
|
| 300 |
|
|
|a xxxv, 162 pages :
|b illustrations ;
|c 28 cm.
|
| 541 |
1 |
|
|e 30946
|
| 650 |
|
0 |
|a Education, High
|x Curricula
|z India.
|9 18030
|
| 710 |
2 |
|
|a BRAC University
|9 18031
|
| 852 |
1 |
|
|a Ayesha Abed Library
|
| 942 |
|
|
|2 ddc
|c BK
|
| 952 |
|
|
|0 0
|1 4
|2 ddc
|4 0
|6 378_540000000000000_BRA
|7 0
|9 58051
|a BRACUL
|b BRACUL
|c GEN
|d 2016-02-17
|l 1
|m 26
|o 378.54 BRA
|p 3010030946
|q 2024-10-23
|r 2024-02-08
|s 2024-02-08
|t 1
|w 2016-02-17
|y BK
|x Koha Inventory 2020
|
| 952 |
|
|
|0 0
|1 4
|2 ddc
|4 0
|6 378_540000000000000_BRA
|7 0
|9 58052
|a BRACUL
|b BRACUL
|c GEN
|d 2016-02-17
|l 0
|o 378.54 BRA
|p 3010030947
|r 2016-02-17
|t 2
|w 2016-02-17
|y BK
|x Koha Inventory 2020
|
| 952 |
|
|
|0 0
|1 4
|2 ddc
|4 0
|6 378_540000000000000_BRA
|7 0
|9 58053
|a BRACUL
|b BRACUL
|c GEN
|d 2016-02-17
|l 0
|o 378.54 BRA
|p 3010030948
|r 2016-02-17
|t 3
|w 2016-02-17
|y BK
|x Koha Inventory 2020
|